Sustainable development and urban form
Αποθηκεύτηκε σε:
| Άλλοι συγγραφείς: | |
|---|---|
| Μορφή: | Βιβλίο |
| Γλώσσα: | English |
| Δημοσίευση: |
London :
Pion ,
1992
|
| Σειρά: | European research in regional science ;
; 2 |
| Θέματα: | |
| Ετικέτες: |
Προσθήκη ετικέτας
Δεν υπάρχουν, Καταχωρήστε ετικέτα πρώτοι!
|
MARC
| LEADER | 00000nam a2200000 i 4500 | ||
|---|---|---|---|
| 001 | 1/96265 | ||
| 008 | 980831s1992 eng d | ||
| 020 | |a 085086-160-8 | ||
| 035 | |l 10010115 | ||
| 040 | |a GR-MY-UA |b gre |e aacr | ||
| 041 | 0 | |a eng | |
| 082 | 0 | |a 338.9 | |
| 245 | 1 | 0 | |a Sustainable development and urban form / |c Editor M. J. Breheny |
| 260 | |a London : |b Pion , |c 1992 | ||
| 300 | |a 292 p. | ||
| 490 | 1 | |a European research in regional science |v ; 2 | |
| 504 | |a Includes index | ||
| 650 | 0 | 0 | |a Sustainable development. |
| 700 | 1 | |a Breheny, M. J. |q (Michael J.) |4 edt | |
| 830 | 0 | |a European research in regional science ; |v ; 2 | |
| 852 | |a INST |b LESVOS |e 19980831 |h 338.9 SUS |p 005100010790 |q 005100010790 |t BK |y 0 | ||
| 909 | |a Λ |b 037044 | ||
| 922 | |a 1ΕΛΗ |b 199410 |c ΚΟΚΚΩΣΗΣ | ||
| 950 | |a 015-1994-09-06 | ||